| 000 | 01462nam a2200361 i 4500 | ||
|---|---|---|---|
| 001 | 000021569 | ||
| 003 | DO-SdBNP | ||
| 005 | 20260521073716.0 | ||
| 007 | ta | ||
| 008 | 100909s1991 dr 000 0bspa d | ||
| 020 | _a8489525374 | ||
| 040 |
_aDO-SdBNP _bspa _cBNPHU _erda |
||
| 082 | 4 |
_a923.17293 _bB142S _222 |
|
| 100 | 1 |
_aSang, Mu-Kien A. _d1955- _q(Mu-Kien Adriana) _9331 |
|
| 245 | 1 | 0 |
_aBuenaventura Báez : _bel caudillo del sur (1844-1878) / _cMu-Kien A. Sang ; prólogo José Ramón Báez López-Penha. |
| 264 |
_aSanto Domingo : _bINTEC, _c1991. |
||
| 300 |
_a434 páginas ; _c23 cm. |
||
| 336 |
_2rdacontent _atexto _btxt |
||
| 337 |
_2rdamedia _asin mediación _bn |
||
| 338 |
_2rdacarrier _avolumen _bnc |
||
| 500 | _aIncluye referencias bibliográficas y notas al pie de las páginas e índice | ||
| 500 | _aIncluye datos biográficos de la autora en la solapa de la cubierta | ||
| 504 | _aBibliografía : p. 419-424 | ||
| 590 | _aInventariado, 2019/MFF | ||
| 600 | 1 | 0 |
_aBaez, Buenaventura, _d1812-1884 _987077 |
| 650 | 7 |
_aCaudillos _zRepública Dominicana _vBiografías _2LEMB _944941 |
|
| 651 | 7 |
_aRepública Dominicana _xPolítica y gobiernos _y1844-1930 _2LEMB _987413 |
|
| 651 | 7 |
_aRepública Dominicana _xHistoria _yRestauración, 1863-1865 |
|
| 700 | 1 |
_aBáez López-Penha, José Ramón _eprólogo _931200 |
|
| 710 | 2 |
_aInstituto Tecnológico de Santo Domingo _978911 |
|
| 910 | _aValidado. Control de calidad MFF | ||
| 942 |
_2ddc _cLBS1 |
||
| 999 |
_c21068 _d21068 |
||